Statistics for Harry Potter Places (Hard)

Click here to take the quiz!

General Stats

  • This quiz has been taken 141 times
  • The average score is 6 of 13

Answer Stats

HintAnswer% Correct
Harry's schoolHogwarts
99%
Fleur Delacour's schoolBeauxbatons
79%
Where Draco and his family liveMalfoy Manor
70%
Where Harry would have grown upGodric's Hollow
62%
Somewhere to shop, where bad wizards areKnockturn Alley
52%
Where the Basilisk livedThe Chamber of Secrets
52%
Where some centaurs, unicorns a\nd giant spiders roamThe Forbidden Forest
49%
Where Madam Rosmerta worksThe Three Broomsticks
49%
Where Sirius Black grew upGrimmauld Place
46%
Where Remus Lupin went at a full moonThe Shrieking Shack
41%
Fred and George Weasley's favourite Hogsmeade shopZonko's Joke Shop
30%
Viktor Krum's schoolDurmstrang Institute
15%
Where Harry slept for 7 yearsDudley's Second Bedroom
4%

Score Distribution

Percentile by Number Answered

Percent of People with Each Score

Your Score History

You have not taken this quiz